| 000 | 00420 a2200181 4500 | ||
|---|---|---|---|
| 999 |
_c348532 _d348532 |
||
| 003 | NUST | ||
| 005 | 20200826101126.0 | ||
| 020 | _a9694163439 | ||
| 038 | _aAZHAR | ||
| 082 |
_a870 _bSAL |
||
| 100 |
_aSalierno,Vito. _929458 |
||
| 245 |
_aIqbal and Italy. _cVito Salierno. |
||
| 250 | _a1st. | ||
| 260 |
_aLahore _bIqbal Academy. _c2004. |
||
| 300 | _a42p. | ||
| 500 | _aPaper cover. | ||
| 942 |
_aNBS _cBK _k870 SAL _2ddc |
||